000 00475nam a2200157 i 4500
001 30771
003 ES-MaACL
005 20230906154242.0
007 t|
008 030127s1934 fr ||||1| fre d
100 1 _aBellessort, André.
_927200
245 1 0 _aAthénes et son theatre
_b: cours professé a la Societé des Conférénces /
_cAndré Bellessort.
260 _aParis :
_bPerrin,
_c1934 (
_fE. Grevin)
300 _aXI, 344 p. ;
_c19 cm.
852 _aES-MaACL
_jA-2714
999 _c30771
_d30771